000 00437nam a2200181Ia 4500
001 22551
005 20260414150839.0
008 260414t2009||||xx |||||||||||||| ||spa||
041 _aESP
082 _a621.382
_bL27
100 _aLaskar, Joy
_eAUT
245 0 _aAdvanced integrated comunication microsystem
_b
260 _c2009
300 _a473 páginas :
_c24 cm.
650 _aTCA
654 _aCET
942 _cLIB
_dJUS
_fJUS
_2ddc
_n
999 _c22551
_d22551